¿Compras con el corazón o con el cerebro? (Registro nro. 9719)
[ vista simple ]
| 000 -Cabecera | |
|---|---|
| Campo de control de longitud fija | 00736ntm a22003017a 4500 |
| 005 - Fecha y hora de la última transacción | |
| Campo de control | 20240306192703.0 |
| 008 - Elementos de longitud fija--Información general | |
| Campo de control de longitud fija | 170810b xxu||||| |||| 00| 0 spa d |
| 020 ## - International Standard Book Number | |
| Número Internacional Estándar del Libro (ISBN) | 9789587625332 |
| 041 ## - Idioma | |
| Código de idioma | Español |
| 082 ## - Clasificación Decimal Dewey | |
| Número de clasificación | 658.8 M678c |
| 100 ## - Entrada principal--Autor personal | |
| Nombre personal | Misiego, Francisco |
| 9 (RLIN) | 43747 |
| 100 ## - Entrada principal--Autor personal | |
| Nombre personal | De la Morena, Alexia |
| 9 (RLIN) | 43748 |
| 245 ## - Título propiamente dicho | |
| Título | ¿Compras con el corazón o con el cerebro? |
| 260 ## - Pie de imprenta | |
| Lugar de publicación, distribución, etc. | Colombia |
| 260 ## - Pie de imprenta | |
| Nombre del editor, distribuidor, etc. | Ediciones De la U |
| 260 ## - Pie de imprenta | |
| Fecha de publicación, distribución, etc. | 2016 |
| 300 ## - Descripción física | |
| Extensión | 496 páginas |
| 650 ## - Materia general | |
| Temática (materia general) | MARKETING |
| 650 ## - Materia general | |
| Temática (materia general) | NEUROMARKETING |
| 650 ## - Materia general | |
| Temática (materia general) | NEUROCOMUNICACIÓN |
| 650 ## - Materia general | |
| Temática (materia general) | NEUROECONOMÍA |
| 650 ## - Materia general | |
| Temática (materia general) | PUBLICIDAD |
| 650 ## - Materia general | |
| Temática (materia general) | MARKETING SENSORIAL |
| 942 ## - Punto de acceso adicional KOHA | |
| Tipo de ítem KOHA | Libro |
| Fuente del sistema de clasificación o colocación | Dewey Decimal Classification |
| Signatura completa | Código de barras | Programa Académico | Tipo de ítem |
|---|---|---|---|
| 658.8 M678c | 22505 | Libro |